000
00316nam a2200109Ia 4500
008
200302s9999 xx 000 0 und d
100
_a
Chuang Fang Jung
245
_a
Historical Sites of the First Rank in Taiwan and Kinmen
260
_b
Council for Cultural Planning & Development
260
_c
1987
300
_a
208 P.,
999
_c
2403
_d
2403